000 00232nam a22001097a 4500
082 _a824
_bSUD/P
245 _aPRIZE WINNING ESSAYS
260 _aNEW DELHI
_bSUDHA PUBLICATIONS
300 _a218
650 _aESSAYS
_zINDIA
942 _cBK
999 _c3719
_d3719